• 首页
  • 本馆介绍
  • 公告通知
  • 最新文献
  • 馆藏检索
  • 电子资源
  • 读者导购
  • 参考咨询
  • 我的图书馆
  • 登录
  • 详细信息显示
  • 放入我的书架
  • 预约/预借图书
  • 作者相关作品
  • 分类相关作品
  • 丛书相关作品
  • 出版社相关作品

书目信息

  • 表格格式
  • 工作单格式
  • 卡片格式
题名:
物流产业集聚及其区域经济效应研究
    
 
作者: 陈利民 著
分册:  
出版信息: 北京   企业管理出版社  2013
页数: 159页
开本: 21cm
丛书名:
单 册:
中图分类: F259.22
科图分类:
主题词: 物流--产业发展--研究--中国 , 物流 , 产业发展
电子资源:
ISBN: 978-7-5164-0574-1
000 01020nam0 22002531 450
001 524
005 20140908165107.71
010    @a978-7-5164-0574-1@dCNY22.00
100    @a20140102d2013 em y0chiy50 ea
101 0  @achi
102    @aCN@b110000
105    @ay z 000yy
106    @ar
200 1  @a物流产业集聚及其区域经济效应研究@AWu Liu Chan Ye Ji Ju Ji Qi Qu Yu Jing Ji Xiao Ying Yan Jiu@e基于省级面板数据的实证分析@EJi Yu Sheng Ji Mian Ban Shu Ju De Shi Zheng Fen Xi@f陈利民著@FChen Li Min Zhu
210    @a北京@c企业管理出版社@d2013
215    @a159页@d21cm
330    @a本书针对我国物流产业发展中的新生事物——物流园区这一视角进行研究,共分为六章,主要内容包括:绪论、物流产业集聚对区域经济运行的作用机理、中国物流产业集聚水平与地区差异、中国物流产业集聚的区域经济效应等。
606 0  @a物流@x产业发展@x研究@y中国
606 0  @a物流
606 0  @a产业发展
690    @aF259.22@v5
701  0 @a陈利民@AChen Li Min@g(物流管理)@4著
801  0 @aCN@bTANGWEI@c20140603
905    @b0837519-21@dF259.22@e206@f3
    
    物流产业集聚及其区域经济效应研究:基于省级面板数据的实证分析/陈利民著.-北京:企业管理出版社,2013
    159页;21cm
    
    
    ISBN 978-7-5164-0574-1:CNY22.00
    本书针对我国物流产业发展中的新生事物——物流园区这一视角进行研究,共分为六章,主要内容包括:绪论、物流产业集聚对区域经济运行的作用机理、中国物流产业集聚水平与地区差异、中国物流产业集聚的区域经济效应等。
●
相关链接 在E读中查询图书 在五车中查询图书 在当当中查询图书 在豆瓣中查询图书


正题名:物流产业集聚及其区域经济效应研究     索取号:F259.22/206         预约/预借

序号 登录号 条形码 馆藏地/架位号 状态 备注
1 0837519   208375195   第一样本阅览室/ [索取号:F259.22/206] 在馆    
2 0837520   208375202   第一借阅区/ [索取号:F259.22/206] 在馆    
3 0837521   208375211   密集书库-海洋学院/ [索取号:F259.22/206] 在馆    
唐山师范学院图书馆 欢迎您!
大连网信软件有限公司© 版权所有